In the name of conscience /

Bibliographic Details
Main Author: Khokhlov, Nikolai Evgenevich, 1922-
Format: Book
Language:English
Russian
Published: New York : D. McKay Co., [1959]
Subjects:

MARC

Tag First Indicator Second Indicator Subfields
LEADER 00000cam a2200000 4500
001 in00000064992
005 20151008051212.0
008 750326s1959 nyu 00000 eng u
010 |a  59012260  
035 |a (OCoLC)01237915 
035 |9 AAG6410AM 
040 |c ORL  |d TXA  |d UtOrBLW 
041 1 |a eng  |a rus 
049 |a TXAM  |c [314853] 
050 0 0 |a HV8225  |b .K5 
082 0 |a 351.742 
092 |a 351.74  |b K45i 
100 1 |a Khokhlov, Nikolai Evgenevich,  |d 1922- 
245 1 0 |a In the name of conscience /  |c Translated by Emily Kingsbery. 
264 1 |a New York :  |b D. McKay Co.,  |c [1959] 
300 |a  365 pages :  |b illustrations ;  |c 21 cm. 
336 |a text  |b txt  |2 rdacontent 
337 |a unmediated  |b n  |2 rdamedia 
338 |a volume  |b nc  |2 rdacarrier 
650 0 |a Secret service  |z Soviet Union. 
610 2 0 |a Soviet Union.  |b Komitet gosudarstvennoĭ bezopasnosti. 
999 |a MARS 
999 f f |s 85320806-4232-3f5f-99e2-179700c305c5  |i 32db6130-aab8-3d77-86d6-48baf09fa202  |t 0 
952 f f |p ric  |a Texas A&M University  |b Rellis Campus  |c Joint Library Facility  |d Remote Storage  |t 0  |e HV8225 .K5  |h Library of Congress classification  |i unmediated -- volume  |m A14800794965 
998 f f |a HV8225 .K5  |t 0  |l Remote Storage